[Event "Oberliga Nord W 0102"]
[Site "Germany"]
[Date "2001.10.07"]
[Round "1.2"]
[White "Eng, Holger"]
[Black "Clemens, Christian"]
[Result "0-1"]
[WhiteElo "2302"]
[BlackElo "2339"]
[PlyCount "100"]
[EventDate "2001.10.07"]
[EventType "team"]
[EventRounds "9"]
[EventCountry "GER"]
[SourceTitle "EXT 2003"]
[Source "ChessBase"]
[SourceDate "2002.11.25"]
[SourceVersion "1"]
[SourceVersionDate "2002.11.25"]
[SourceQuality "1"]
[WhiteTeam "Tura Melle"]
[BlackTeam "Braunschweig SC"]
[WhiteTeamCountry "GER"]
[BlackTeamCountry "GER"]

1. Nf3 f5 2. d4 Nf6 3. Bg5 e6 4. Nbd2 Be7 5. c3 0-0 6. Qc2 d5 7. e3 Ne4 8. Bxe7 Qxe7 9. Bd3 Nd7 10. 0-0 e5 11. dxe5 Nxe5 12. Nxe5 Qxe5 13. Nf3 Qe7 14. c4 dxc4 15. Bxe4 Qxe4 16. Qxe4 fxe4 17. Nd2 Bf5 18. Nxc4 Rad8 19. Rac1 Be6 20. b3 c5 21. h3 b6 22. Na3 Rd2 23. Rc2 Rxc2 24. Nxc2 Rd8 25. Rc1 a5 26. Na3 Rd2 27. Rc2 Rxc2 28. Nxc2 a4 29. Na1 b5 30. Kf1 b4 31. Ke2 Kf7 32. Kd2 Ke7 33. Kc1 Kd6 34. Kb1 a3 35. Nc2 g5 36. Ne1 h6 37. Kc2 Ke5 38. Kd2 c4 39. bxc4 Bxc4 40. Nc2 Bxa2 41. Nxb4 Bc4 42. g3 a2 43. Nc2 Bd3 44. Na1 Bf1 45. h4 gxh4 46. gxh4 Kf5 47. Kc3 Kg4 48. Kb3 Kxh4 49. Kxa2 Kg4 50. Nc2 h5 0-1

[Event "Oberliga Nord W 0001"]
[Site "Germany"]
[Date "2000.12.10"]
[Round "3.2"]
[White "Eng, Holger"]
[Black "Zander, Arnim"]
[Result "1/2-1/2"]
[WhiteElo "2301"]
[BlackElo "2159"]
[PlyCount "89"]
[EventDate "2000.10.15"]
[EventType "team"]
[EventRounds "9"]
[EventCountry "GER"]
[SourceTitle "EXT 2003"]
[Source "ChessBase"]
[SourceDate "2002.11.25"]
[SourceVersion "1"]
[SourceVersionDate "2002.11.25"]
[SourceQuality "1"]
[WhiteTeam "Tura Melle"]
[BlackTeam "Bad Harzburg"]
[WhiteTeamCountry "GER"]
[BlackTeamCountry "GER"]

1. Nf3 d5 2. c4 c6 3. d4 e6 4. Qc2 Nf6 5. Bg5 Nbd7 6. e3 Qa5+ 7. Nbd2 Ne4 8. Bh4 f5 9. a3 Bd6 10. Be2 0-0 11. 0-0 Re8 12. b4 Qc7 13. c5 Be7 14. Nxe4 fxe4 15. Bg3 Qd8 16. Ne5 Bh4 17. Bf4 Bg5 18. f3 Nxe5 19. dxe5 Bxf4 20. exf4 exf3 21. Rxf3 Re7 22. Bd3 g6 23. h4 Bd7 24. Raf1 Rg7 25. g3 Qe7 26. Kg2 Be8 27. Rh1 Qc7 28. Be2 b5 29. a4 a5 30. Rb1 axb4 31. axb5 cxb5 32. Rxb4 Ra5 33. Rfb3 Qb8 34. c6 Rc7 35. Rxb5 Rxb5 36. Bxb5 Qa8 37. Rc3 Qa5 38. Ba4 Kg7 39. Rc5 Qe1 40. Rb5 d4 41. Rb7 Rxb7 42. cxb7 Bxa4 43. Qc7+ Kh6 44. b8Q Qe2+ 45. Kg1 1/2-1/2

[Event "Oberliga NRW 9899 I"]
[Site "Germany"]
[Date "1999.??.??"]
[Round "8.4"]
[White "Eng, Holger"]
[Black "Okrajek, Alexander"]
[Result "0-1"]
[WhiteElo "2355"]
[BlackElo "2270"]
[PlyCount "122"]
[EventDate "1998.10.10"]
[EventType "team"]
[EventRounds "9"]
[EventCountry "GER"]
[SourceTitle "EXT 2000"]
[Source "ChessBase"]
[SourceDate "1999.11.16"]
[SourceVersion "1"]
[SourceVersionDate "1999.11.16"]
[SourceQuality "1"]
[WhiteTeam "Enger Spenge"]
[BlackTeam "Godesberg II"]
[WhiteTeamCountry "GER"]
[BlackTeamCountry "GER"]

1. Nf3 c5 2. c4 Nc6 3. Nc3 g6 4. d4 cxd4 5. Nxd4 Bg7 6. Nc2 Nf6 7. e4 0-0 8. Be2 d6 9. 0-0 b6 10. Bg5 Bb7 11. Qd2 Re8 12. Rad1 Rc8 13. b3 a6 14. Rfe1 Na5 15. Bf1 Qc7 16. Nb4 Qc5 17. Nbd5 Nxd5 18. Nxd5 Bxd5 19. exd5 Qc7 20. Re4 Nb7 21. Rde1 f6 22. Bh6 Nc5 23. R4e2 Bxh6 24. Qxh6 Nd3 25. Rd1 Ne5 26. Qh3 Qd7 27. Qe3 b5 28. cxb5 axb5 29. Red2 Rc5 30. h3 Rec8 31. f4 Nf7 32. Re1 R8c7 33. Qe4 Rc1 34. Rde2 Kf8 35. Rxc1 Rxc1 36. Qe3 Qc7 37. Rf2 b4 38. Qd4 Qc5 39. Rd2 g5 40. fxg5 Nxg5 41. Qxc5 dxc5 42. d6 exd6 43. Rxd6 Ne4 44. Rd3 h5 45. h4 Kf7 46. Rf3 Nd2 47. Rf2 Rd1 48. g3 Ke6 49. Kg2 Nxf1 50. Rxf1 Rxf1 51. Kxf1 Kf5 52. Kf2 Kg4 53. Kg2 f5 54. Kf2 f4 55. gxf4 Kxf4 56. Ke2 Ke4 57. Kd2 Kd4 58. Kc2 Ke3 59. Kb2 Kf4 60. a3 bxa3+ 61. Kxa3 Kg4 0-1

[Event "BL2-West 9798"]
[Site "Germany"]
[Date "1998.??.??"]
[Round "?.6"]
[White "Eng, Holger"]
[Black "Kienast, Joerg"]
[Result "1/2-1/2"]
[WhiteElo "2355"]
[BlackElo "2205"]
[PlyCount "114"]
[EventDate "1997.10.??"]
[EventType "team-tourn"]
[EventRounds "9"]
[EventCountry "GER"]
[SourceTitle "EXT 1999"]
[Source "ChessBase"]
[SourceDate "1998.11.16"]
[SourceVersion "1"]
[SourceVersionDate "1998.11.16"]
[SourceQuality "1"]
[WhiteTeam "Enger Spenge"]
[BlackTeam "Schott Mainz"]
[WhiteTeamCountry "GER"]
[BlackTeamCountry "GER"]

1. Nf3 Nf6 2. c4 e6 3. Nc3 b6 4. e4 d5 5. cxd5 exd5 6. e5 Ng8 7. d4 Ne7 8. Be2 Ng6 9. h4 Be7 10. h5 Nf8 11. h6 g6 12. Be3 Ne6 13. Qd2 Bb7 14. 0-0-0 0-0 15. Nh2 c5 16. dxc5 d4 17. Bxd4 Qxd4 18. Qxd4 Nxd4 19. Rxd4 Bxc5 20. Rf4 Bxg2 21. Rg1 Bc6 22. Ng4 Nd7 23. Bc4 Be7 24. Kb1 Nc5 25. Nf6+ Kh8 26. Nfd5 Bxd5 27. Nxd5 Ne6 28. Rfg4 Bc5 29. Rf1 Rad8 30. a3 Rd7 31. b4 Be7 32. f4 Nd4 33. Ne3 b5 34. Ba2 Ne2 35. Ka1 Nc3 36. Bb3 Rd3 37. Re1 Na4 38. Ka2 Rc8 39. Bxa4 bxa4 40. Rg2 Bf8 41. Rh2 Rcc3 42. Nc2 Bxh6 43. Reh1 Kg8 44. Rxh6 Rxc2+ 45. Kb1 Re2 46. Rxh7 Kf8 47. Rh8+ Ke7 48. Ra8 Rb3+ 49. Kc1 Rxa3 50. Rxa7+ Ke6 51. Kb1 Rb3+ 52. Ka1 Rxb4 53. Ra6+ Kd5 54. Rd1+ Ke4 55. e6 fxe6 56. Rxe6+ Kf3 57. Rxe2 Kxe2 1/2-1/2

[Event "BL2-West 9293"]
[Site "Germany"]
[Date "1992.??.??"]
[Round "?.5"]
[White "Eng, Holger"]
[Black "Kebbekus, Thomas"]
[Result "0-1"]
[WhiteElo "2330"]
[BlackElo "2240"]
[PlyCount "107"]
[EventDate "1992.10.??"]
[EventType "team-tourn"]
[EventRounds "9"]
[EventCountry "GER"]
[SourceTitle "GER-chT2"]
[Source "ChessBase"]
[SourceDate "1999.07.01"]
[SourceVersion "1"]
[SourceVersionDate "1999.07.01"]
[SourceQuality "1"]
[WhiteTeam "Enger Spenge"]
[BlackTeam "Plettenberg"]
[WhiteTeamCountry "GER"]
[BlackTeamCountry "GER"]

1. d4 Nf6 2. c4 e5 3. d5 Bc5 4. Nc3 d6 5. e3 0-0 6. Be2 e4 7. Na4 Bb4+ 8. Kf1 c5 9. a3 Ba5 10. b3 Bd7 11. Bb2 Bxa4 12. bxa4 Nbd7 13. h4 Re8 14. h5 h6 15. Nh3 Ne5 16. Nf4 Qd7 17. Rb1 Rab8 18. Qc2 Qf5 19. f3 Qh7 20. Rh3 exf3 21. Qxh7+ Kxh7 22. gxf3 Bd2 23. Ng2 Ned7 24. Bd3+ Kg8 25. Ke2 Ba5 26. Rg1 Kf8 27. e4 Nb6 28. Ne3 Nxa4 29. Bxf6 gxf6 30. Nf5 Re5 31. Rhg3 Rxf5 32. Rg8+ Ke7 33. Rxb8 Rxh5 34. Rxb7+ Kf8 35. Rxa7 Rh2+ 36. Kf1 Nb2 37. Be2 Bc3 38. Ra8+ Ke7 39. Rgg8 f5 40. exf5 Kf6 41. Rg2 Rh1+ 42. Kf2 Kxf5 43. Ke3 h5 44. Ra7 Bd4+ 45. Kd2 f6 46. Rh7 Be5 47. Kc2 Kf4 48. Rb7 Na4 49. Rb3 f5 50. Bd3 Ra1 51. Kd2 h4 52. Rb7 Ra2+ 53. Bc2 Kxf3 54. Rg8 0-1

[Event "BL2-West 9192"]
[Site "Germany"]
[Date "1991.??.??"]
[Round "1.6"]
[White "Eng, Holger"]
[Black "Troltenier, Dirk"]
[Result "1-0"]
[WhiteElo "2325"]
[BlackElo "2300"]
[PlyCount "55"]
[EventDate "1991.10.??"]
[EventType "team-tourn"]
[EventRounds "9"]
[EventCountry "GER"]
[SourceTitle "GER-chT2"]
[Source "ChessBase"]
[SourceDate "1999.07.01"]
[SourceVersion "1"]
[SourceVersionDate "1999.07.01"]
[SourceQuality "1"]
[WhiteTeam "Osnabrueck"]
[BlackTeam "Hofheim"]
[WhiteTeamCountry "GER"]
[BlackTeamCountry "GER"]

1. Nf3 Nf6 2. c4 g6 3. Nc3 c6 4. e4 d6 5. d4 Bg7 6. Be2 0-0 7. Be3 Nbd7 8. Nd2 e5 9. d5 c5 10. g4 Nxg4 11. Bxg4 f5 12. exf5 gxf5 13. Bxf5 Rxf5 14. Nde4 Qb6 15. Rg1 Nf8 16. Nb5 Ng6 17. Nbxd6 Rf8 18. Bxc5 Qc7 19. Nb5 Qf7 20. Bxf8 Qxf8 21. Qb3 Bh6 22. Rd1 b6 23. c5 bxc5 24. Nc7 Qf4 25. d6+ Kh8 26. Nxc5 Qxh2 27. Qg3 Qh5 28. Nxa8 1-0

[Event "Hessen-Niedersachsen"]
[Site "Germany"]
[Date "1989.??.??"]
[Round "?"]
[White "Eng, Holger"]
[Black "Degenhardt, Horst"]
[Result "0-1"]
[WhiteElo "2325"]
[BlackElo "2310"]
[PlyCount "52"]
[EventDate "1989.??.??"]
[EventType "team"]
[EventRounds "1"]
[EventCountry "GER"]
[SourceTitle "GER"]
[Source "ChessBase"]
[SourceDate "1999.07.01"]
[SourceVersion "1"]
[SourceVersionDate "1999.07.01"]
[SourceQuality "1"]

1. Nf3 Nf6 2. c4 g6 3. Nc3 Bg7 4. e4 0-0 5. d4 d6 6. Be2 e5 7. Be3 h6 8. h3 Qe7 9. d5 a5 10. g4 Kh7 11. g5 Nh5 12. Qd2 Nf4 13. Bxf4 exf4 14. Qxf4 f5 15. gxf6 Bxf6 16. Qe3 Nd7 17. 0-0 Ne5 18. Nxe5 Bxe5 19. Rfd1 Bf4 20. Qd3 Qg5+ 21. Kh1 Qh4 22. Bf1 Bg4 23. Bg2 Bxd1 24. Nxd1 Be5 25. Rc1 Qf4 26. Rc2 Qh2# 0-1

[Event "BL2-Nord 8990"]
[Site "Germany"]
[Date "1989.??.??"]
[Round "?.3"]
[White "Eng, Holger"]
[Black "Hedke, Fred"]
[Result "0-1"]
[WhiteElo "2325"]
[BlackElo "2290"]
[PlyCount "162"]
[EventDate "1989.10.??"]
[EventType "team-tourn"]
[EventRounds "9"]
[EventCountry "GER"]
[SourceTitle "GER-chT2"]
[Source "ChessBase"]
[SourceDate "1999.07.01"]
[SourceVersion "1"]
[SourceVersionDate "1999.07.01"]
[SourceQuality "1"]
[WhiteTeam "Braunschweig"]
[BlackTeam "Werder Bremen"]
[WhiteTeamCountry "GER"]
[BlackTeamCountry "GER"]

1. Nf3 d5 2. c4 e6 3. Nc3 Nf6 4. d4 Be7 5. Bg5 0-0 6. e3 h6 7. Bxf6 Bxf6 8. Rc1 b6 9. cxd5 exd5 10. Be2 Re8 11. b4 a6 12. 0-0 c6 13. Na4 Bb7 14. Nb2 Qd6 15. Qb3 Nd7 16. Nd3 Ra7 17. Rc2 b5 18. Nc5 Nxc5 19. Rxc5 Qf8 20. Rc2 a5 21. bxa5 Rxa5 22. Rfc1 Qa3 23. Ne1 Rea8 24. Nd3 Be7 25. Ne5 Qxb3 26. axb3 Ra2 27. g3 Bf6 28. Nd3 Be7 29. Rxa2 Rxa2 30. Bg4 Ba3 31. Rb1 Bd6 32. Kf1 Kf8 33. Nc1 Ra8 34. Ke2 Ke7 35. Kd2 Ba3 36. Nd3 Bd6 37. Kc2 Ra2+ 38. Rb2 Ra1 39. b4 Kd8 40. Be2 Bc8 41. Nc5 Bxc5 42. dxc5 Rh1 43. Bf3 Rxh2 44. Kd3 g5 45. Ra2 g4 46. Bd1 h5 47. e4 h4 48. Ra8 hxg3 49. fxg3 dxe4+ 50. Kxe4 f5+ 51. Ke5 Rb2 52. Ra7 Rxb4 53. Bc2 Rc4 54. Bb3 Rxc5+ 55. Kd6 Rc3 56. Ba2 Rxg3 57. Rh7 Rd3+ 58. Kxc6 Bd7+ 59. Kb6 g3 60. Rh8+ Ke7 61. Rg8 f4 62. Bb1 Rd2 63. Be4 b4 64. Rg7+ Kf6 65. Rg8 b3 66. Kc7 Be6 67. Ra8 g2 68. Bxg2 Rxg2 69. Ra4 Rg4 70. Kd8 f3 71. Ra6 f2 72. Ra1 b2 73. Rf1 Rf4 74. Kc7 Bc4 75. Rb1 f1Q 76. Rxb2 Qa1 77. Rb6+ Be6 78. Kb7 Rd4 79. Kc6 Qa8+ 80. Rb7 Rc4+ 81. Kd6 Qf8+ 0-1

[Event "Niedersachsen-Baden"]
[Site "Niedersachsen"]
[Date "1989.??.??"]
[Round "?"]
[White "Schuh, Hubert"]
[Black "Eng, Holger"]
[Result "1/2-1/2"]
[WhiteElo "2360"]
[BlackElo "2325"]
[PlyCount "34"]
[EventDate "1989.??.??"]
[EventType "team"]
[EventRounds "1"]
[EventCountry "GER"]
[SourceTitle "GER"]
[Source "ChessBase"]
[SourceDate "1999.07.01"]
[SourceVersion "1"]
[SourceVersionDate "1999.07.01"]
[SourceQuality "1"]

1. Nf3 d5 2. d4 Nf6 3. c4 e6 4. Nc3 Be7 5. Bg5 0-0 6. e3 Nbd7 7. Qc2 c5 8. dxc5 Nxc5 9. cxd5 Nxd5 10. Nxd5 exd5 11. Bxe7 Qxe7 12. Be2 Be6 13. 0-0 Rac8 14. Rac1 Rfd8 15. Rfd1 a6 16. Qd2 Ne4 17. Qd4 Rc7 1/2-1/2

[Event "BL2-Nord 8889"]
[Site "Germany"]
[Date "1988.??.??"]
[Round "?.2"]
[White "Eng, Holger"]
[Black "Joecks, Christian"]
[Result "1-0"]
[WhiteElo "2325"]
[BlackElo "2350"]
[PlyCount "85"]
[EventDate "1988.10.??"]
[EventType "team-tourn"]
[EventRounds "9"]
[EventCountry "GER"]
[SourceTitle "GER-chT2"]
[Source "ChessBase"]
[SourceDate "1999.07.01"]
[SourceVersion "1"]
[SourceVersionDate "1999.07.01"]
[SourceQuality "1"]
[WhiteTeam "Braunschweig"]
[BlackTeam "Hamburger SG BUE"]
[WhiteTeamCountry "GER"]
[BlackTeamCountry "GER"]

1. e4 c5 2. Nf3 d6 3. c3 Nf6 4. Bb5+ Bd7 5. Qe2 Qb6 6. Na3 a6 7. Bxd7+ Nbxd7 8. 0-0 e6 9. Re1 Be7 10. d4 cxd4 11. cxd4 d5 12. exd5 Nxd5 13. Nc4 Qd8 14. Bd2 0-0 15. Rac1 Bf6 16. Nfe5 Nxe5 17. dxe5 Be7 18. Ba5 Qd7 19. Red1 Qb5 20. Qg4 Rac8 21. Bd2 Kh8 22. b3 Nb6 23. Nd6 Bxd6 24. exd6 Qd7 25. Bc3 f6 26. Rd3 Rc6 27. Rcd1 Rfc8 28. Ba5 Kg8 29. h4 f5 30. Qg5 Nd5 31. Bc7 Rc2 32. g3 h6 33. Qg6 Rxa2 34. Rxd5 exd5 35. Re1 Qf7 36. Qxf7+ Kxf7 37. d7 Ra8 38. d8Q Rxd8 39. Bxd8 b5 40. Re7+ Kg8 41. b4 d4 42. Rd7 Rd2 43. Bb6 1-0

[Event "BL2-Nord 8788"]
[Site "Germany"]
[Date "1988.??.??"]
[Round "?.1"]
[White "Eng, Holger"]
[Black "Meier, Volker"]
[Result "1-0"]
[WhiteElo "2325"]
[BlackElo "2295"]
[PlyCount "96"]
[EventDate "1987.10.??"]
[EventType "team-tourn"]
[EventRounds "9"]
[EventCountry "GER"]
[SourceTitle "GER-chT2"]
[Source "ChessBase"]
[SourceDate "1999.07.01"]
[SourceVersion "1"]
[SourceVersionDate "1999.07.01"]
[SourceQuality "1"]
[WhiteTeam "Braunschweig"]
[BlackTeam "Hamburger SK II"]
[WhiteTeamCountry "GER"]
[BlackTeamCountry "GER"]

1. d4 Nf6 2. Nf3 e6 3. Bg5 h6 4. Bh4 b6 5. e3 Bb7 6. Bd3 c5 7. 0-0 Be7 8. Nbd2 cxd4 9. exd4 0-0 10. Re1 d6 11. c3 Nh5 12. Bxe7 Qxe7 13. g3 Nf6 14. Qc2 a6 15. Rad1 Qc7 16. Nh4 Qc6 17. f3 Nbd7 18. Ne4 b5 19. Qf2 Qb6 20. g4 Nxe4 21. fxe4 Nf6 22. h3 Rac8 23. Nf3 Rfe8 24. a3 e5 25. d5 Qxf2+ 26. Kxf2 Nd7 27. Nd2 Nb6 28. Rc1 Nc4 29. Bxc4 bxc4 30. Rb1 Rc5 31. b3 cxb3 32. Rxb3 Bc8 33. c4 h5 34. gxh5 f5 35. Rg1 Kh7 36. Rg6 fxe4 37. Rxd6 Rf8+ 38. Ke2 Rc7 39. Rg3 Rf4 40. Rd8 Bd7 41. Rb3 Rh4 42. d6 Ra7 43. Rbb8 Kh6 44. Ke3 Bc6 45. Rb6 Rxh3+ 46. Ke2 Rh2+ 47. Ke1 e3 48. Nf1 Rh1 1-0

[Event "4 Laender-Cup"]
[Site "Germany"]
[Date "1986.??.??"]
[Round "?"]
[White "Eng, Holger"]
[Black "Schmittdiel, Eckhard"]
[Result "1/2-1/2"]
[WhiteElo "2370"]
[BlackElo "2360"]
[PlyCount "94"]
[EventDate "1986.??.??"]
[EventType "team-tourn"]
[EventRounds "3"]
[EventCountry "GER"]
[SourceTitle "EXT 2002"]
[Source "ChessBase"]
[SourceDate "2001.11.25"]
[SourceVersion "1"]
[SourceVersionDate "2001.11.25"]
[SourceQuality "1"]

1. d4 e6 2. Nf3 Nf6 3. c4 c5 4. Nc3 cxd4 5. Nxd4 Bb4 6. Bd2 Nc6 7. a3 Be7 8. Bg5 h6 9. Bh4 0-0 10. e3 d5 11. Be2 Nxd4 12. exd4 dxc4 13. Bxc4 Qb6 14. 0-0 Rd8 15. Qe2 Qxd4 16. Bg3 Bd7 17. Rad1 Qb6 18. Rfe1 Be8 19. Nb5 Bxb5 20. Bxb5 Ne4 21. Bc7 Qxc7 22. Qxe4 Bf6 23. b3 Qb6 24. a4 Rd4 25. Rxd4 Bxd4 26. Re2 Rd8 27. g3 a6 28. Bc4 Qb4 29. Kg2 Bc5 30. Qc2 Kf8 31. Bd3 Qd4 32. Be4 b6 33. Bb7 a5 34. Ba6 Qd5+ 35. Kg1 h5 36. Bc4 Qf3 37. Rd2 Rxd2 38. Qxd2 g6 39. Qe2 Qc3 40. Kg2 Kg7 41. Qf3 Qd4 42. h4 Qe5 43. Qe2 Qf6 44. Qf3 Qe7 45. Qe2 e5 46. Bd5 Bd4 47. Qc4 Qf6 1/2-1/2